Statistics for Historical Timeline of the United States

Click here to take the quiz!

General Stats

  • This quiz has been taken 81 times
  • The average score is 19 of 28

Answer Stats

YearHintAnswer% Correct
Province of N__ Y___Province of New York
97%
Province of N__ J_____Province of New Jersey
97%
Province of N____ C_______Province of North Carolina
90%
Province of S____ C_______Province of South Carolina
90%
Colony of V_______Colony of Virginia
87%
Province of N__ H________Province of New Hampshire
87%
D_______ ColonyDelaware Colony
84%
Province of G______Province of Georgia
84%
Province of P___________Province of Pennsylvania
83%
1776U_____ S_____United States
78%
1836Republic of T_____Republic of Texas
76%
Province of M_______Province of Maryland
73%
Province of Q_____Province of Quebec
70%
C__________ ColonyConnecticut Colony
65%
1777V______ RepublicVermont Republic
65%
Colony of R____ I_____ & Pr________ PlantationsColony of Rhode Island & Providence Plantations
63%
1894Republic of H_____Republic of Hawaii
60%
1795Kingdom of H_____Kingdom of Hawaii
60%
1663New F_____New France
57%
1607M____________ B__ ColonyMassachusetts Bay Colony
56%
W___ F______West Florida
52%
1614New N_________New Netherland
52%
E___ F______East Florida
52%
1861C__________ S_____Confederate States
51%
1513New S____New Spain
48%
1799R______ EmpireRussian Empire
46%
1821M_____Mexico
40%
O_____ CountryOregon Country
32%

Score Distribution

Percentile by Number Answered

Percent of People with Each Score

Your Score History

You have not taken this quiz